000 00854nam a2200205 a 4500
001 000041029
005 20201002034549.0
008 130913s2001 sp 000 0 spa d
040 _aDO-SdBNP
_bspa
_cBNPHU
111 2 _aJornadas de Arte español del siglo XX
_n(10a. :
_d2001 : 20-23 nov.
_cMadrid)
_967508
245 1 3 _aEl arte español del siglo XX :
_bsu perspectiva al final del milenio.
260 _aMadrid :
_bConsejo Superior de Investigaciones Científicas :,
_c2001.
300 _a599 p. :
_bil., retrs. ;
_c28 cm.
490 1 _aBiblioteca de Historia del Arte
504 _aBibliografías
700 1 _aCabañas Bravo, Miguel,
_ecoor.
_967505
710 2 _aConsejo Superior de Investigaciones Científicas
_94786
710 2 _aInstituto de Historia. Departamento de Historia del Arte,
_967506
830 0 _aBiblioteca de Historia del Arte
_967507
999 _c40519
_d40519